Избранное: в 2 т.; пер. с нем.; Т. 1; Стихотворения; Эпиграммы; Юдифь; Мария Магдалина; Ирод и Мариамна; Агнесса Бернауэр; Гиг и его кольцо

Bibliographic Details
Main Author: Геббель Ф. Фридрих
Other Authors: Карельский А. (составитель)
Language:Russian
Published: Москва, Искусство, 1978
TOC:Стихотворения;
Эпиграммы;
Юдифь;
Мария Магдалина;
Ирод и Мариамна;
Агнесса Бернауэр;
Гиг и его кольцо;
Subjects:
Format: Book
KOHA link:https://koha.lib.tpu.ru/cgi-bin/koha/opac-detail.pl?biblionumber=167619

MARC

LEADER 00000nam0a2200000 4500
001 167619
005 20231101222713.0
035 |a (RuTPU)RU\TPU\book\181844 
090 |a 167619 
100 |a 20091016d1978 m y0rusy50 ca 
101 1 |a rus  |c ger 
102 |a RU 
105 |a c z 001ay 
200 1 |a Избранное  |e в 2 т.  |e пер. с нем.  |h Т. 1  |f Ф. Геббель  |g сост., предисл. и коммент. А. Карельский 
210 |a Москва  |c Искусство  |d 1978 
215 |a 639 с.  |c портр. 
320 |a Библиогр. в примеч.: с. 591-636 
464 |t Стихотворения 
464 |t Эпиграммы 
464 |t Юдифь 
464 |t Мария Магдалина 
464 |t Ирод и Мариамна 
464 |t Агнесса Бернауэр 
464 |t Гиг и его кольцо  |o пьесы 
610 1 |a немецкая литература 
610 1 |a стихотворения 
610 1 |a пьесы 
675 |a 83  |v 3 
700 1 |a Геббель  |b Ф.  |c немецкий писатель  |f 1813-1863  |g Фридрих  |2 stltpush  |3 (RuTPU)RU\TPU\pers\17234  |9 6366 
702 1 |a Карельский  |b А.  |4 220 
801 1 |a RU  |b 63413507  |c 20091016 
942 |c BK